=LDR 00000nam 2200000 4500 =001 000364 =005 20250711022927 =035 ##$$a 0010-0725000222 =007 ta =008 250711###########################0#ind## =020 ##$$a 978-623-472-281-9 =082 ##$$a 398.209 598 =100 #$$a Bhardwaj,Nandini =245 1#$$a Mawar yang Angkuh /$c Nandini Bhardwaj =250 ##$$a pertama =260 ##$$a Jakartaa :$b Badan Pengembangan dan Pembinaan Bahasa,$c 2022 =300 ##$$a 12hlm. : $b ilus. ; $c 22,9cm =650 #4$$a cerita anak indonesia terjemahan =650 #4$$a literasi bahan bacaan =700 #$$a Aditi Dilip =856 ##$$a TBM AS-SYUHADA =084 ##$$a 398.209 598 BHA m =990 ##$$a TBM202400081 =990 ##$$a TBM202400193